Errores en materia de educación (Record no. 53666)

MARC details
000 -LEADER
campo de control de longitud fija 00902nam a2200229 i 4500
001 - NÚMERO DE CONTROL
campo de control 53666
003 - IDENTIFICADOR DE NÚMERO DE CONTROL
campo de control ES-MaACL
005 - FECHA Y HORA DE LA ÚLTIMA TRANSACCIÓN
campo de control 20250718042045.0
007 - CAMPO FIJO DE DESCRIPCIÓN FÍSICA--INFORMACIÓN GENERAL
campo de control de longitud fija t|
008 - DATOS DE LONGITUD FIJA--INFORMACIÓN GENERAL
campo de control de longitud fija 960702s1887 sp |||| | spa d
100 1# - ENTRADA PRINCIPAL--NOMBRE DE PERSONA
Nombre de persona Fernández Caro, Ángel.
9 (RLIN) 49551
245 10 - MENCIÓN DEL TÍTULO
Título Errores en materia de educación
Resto del título : conferencia dada en la Sociedad Española de Higiene /
Mención de responsabilidad, etc. por Ángel Fernández-Caro.
260 ## - PUBLICACIÓN, DISTRIBUCIÓN, ETC.
Lugar de publicación, distribución, etc. Madrid :
Nombre del editor, distribuidor, etc. Oficinas de la Sociedad,
Fecha de publicación, distribución, etc. 1887 (
Fabricante Imp. de A. Ruiz de Castroviejo)
300 ## - DESCRIPCIÓN FÍSICA
Extensión 31 p. ;
Dimensiones 16 cm.
490 1# - MENCIÓN DE SERIE
Mención de serie Publicaciones de la Sociedad Española de Higiene
594 ## - Nota al título y mención de responsabilidad
Nota al título y mención de responsabilidad Precede al tít.: Biblioteca del genio médico-quirúrgico.
650 04 - PUNTO DE ACCESO ADICIONAL DE MATERIA--TÉRMINO DE MATERIA
Término de materia o nombre geográfico como elemento de entrada Enseñanza-
Subdivisión geográfica España-
Subdivisión cronológica S.XIX
9 (RLIN) 12286
710 2# - ENTRADA AGREGADA--NOMBRE DE ENTIDAD CORPORATIVA
Nombre de entidad corporativa o nombre de jurisdicción como elemento de entrada Sociedad Española de Higiene.
9 (RLIN) 6725
830 0# - PUNTO DE ACCESO ADICIONAL DE SERIE-TÍTULO UNIFORME
Título uniforme Publicaciones de la Sociedad Española de Higiene
9 (RLIN) 182452
852 ## - LOCALIZACIÓN
Ubicación ES-MaACL
Número de control de estantería T-483-F-2
Holdings
Estatus retirado Estado de pérdida Estado de daño No para préstamo Colección Biblioteca de origen Biblioteca actual Ubicación en estantería Fecha de adquisición Fuente de adquisición Total de préstamos Signatura topográfica completa Código de barras Visto por última vez Precio de reemplazo Tipo de ítem Koha
        Colección de folletos Biblioteca del Ateneo de Madrid Biblioteca del Ateneo de Madrid Depósito folletos 17/01/2008     T-483-F-2 1056392 23/02/2023 23/02/2023 Folleto